000 00660nam a22001937a 4500
999 _c15346
_d15346
003 AR-CdUCM
008 190426b ||||| |||| 00| 0 spa d
040 _aMUNICIPALIDAD PROVINCIAL DEL CUSCO
_cBIBLIOTECA MUNICIPAL DEL CUSCO
082 _aES / 8695.1 /
_bZ76
100 _aZhaohua,
_934390
245 _aEl toque decisivo :
_bHistorias de las locuciones chinas volumen I /
260 _aBeijing :
_bZhaohua,
_c1984.
300 _a36 paginas ;
_bIlustraciones, graficos, dibujos
_c25 cm.
500 _aHistorias Chinas para jovenes y niƱos
650 _aHistorias
_92725
650 _aLiteraturas
_95938
942 _2ddc
_cLIBROS
945 _apjha
_d2019-04-26